Conducta verbal

में बचाया:
ग्रंथसूची विवरण
मुख्य लेखक: Skinner, Burrhus Frederick (लेखक)
स्वरूप: पुस्तक
भाषा:स्पेनिश
प्रकाशित: Ciudad de México Trillas 1981
विषय:
टैग: टैग जोड़ें
कोई टैग नहीं, इस रिकॉर्ड को टैग करने वाले पहले व्यक्ति बनें!

MARC

LEADER 00000nam a2200000 a 4500
001 UCZ0045
003 CL-VaPUC
008 950724e19810300MX |||||||||||||||||spa|d
020 |a 968240987X 
082 0 4 |a 152.384  |b SKI  |2 21 
100 0 |a Skinner, Burrhus Frederick  |e author  |9 336267 
245 1 0 |a Conducta verbal 
300 |a 510 p 
942 |c BK 
945 |d 19950724 00:00:00  |a cmena 
260 |a Ciudad de México  |b Trillas  |c 1981 
650 7 |a COMPORTAMIENTO LINGUISTICO  |2 CL-VaPUC  |9 336280 
650 0 |a Psicolingüística   |9 283371 
650 0 |a Sociolingüística  |9 263716 
650 0 |a Lingüística  |9 265068 
650 7 |a HABITOS DEL HABLA  |2 CL-VaPUC  |9 335780 
650 0 |a Psicología aplicada   |9 270762 
583 |a last modification  |c 20130306 03:04:34  |k Rodrigo Vera 
999 |c 237020  |d 237018 
952 |0 0  |1 0  |4 0  |6 152_384000000000000_SKI_1981  |7 0  |8 A  |9 245674  |a BIBEDU  |b BIBEDU  |d 2019-11-18  |i 1542044  |o 152.384 SKI 1981  |p 1542044  |r 2019-11-18  |w 2019-11-18  |y BK  |k EDU 
952 |0 0  |1 0  |4 0  |6 152_384000000000000_SKI_1981  |7 0  |8 A  |9 245675  |a BIBEDU  |b BIBEDU  |d 2019-11-18  |i 1414542  |o 152.384 SKI 1981  |p 1414542  |r 2019-11-18  |w 2019-11-18  |y BK  |k LIT 
952 |0 0  |1 0  |4 0  |6 152_384000000000000_SKI_1981  |7 0  |8 A  |9 245676  |a BIBEDU  |b BIBEDU  |d 2019-11-18  |i 1414593  |o 152.384 SKI 1981  |p 1414593  |r 2019-11-18  |w 2019-11-18  |y BK  |k LIT 
952 |0 0  |1 0  |4 0  |6 152_384000000000000_SKI_1981  |7 0  |8 A  |9 245677  |a BIBEDU  |b BIBEDU  |d 2019-11-18  |i 4284364  |o 152.384 SKI 1981  |p 4284364  |r 2019-11-18  |w 2019-11-18  |y BK  |k EDU